000 02059nam0a2200409 4500
001 RU\NLR\BIBL_A\022426083
005 20250317150959.0
010 _a978-5-04-206211-7
_93000
021 _aRU
_bКН-П-24-073025
_9КН-П-24-7294
035 _a(NLR Aleph) 022426083
090 _a13340862
_c13340862
100 _a20250114d2024 u y0rusy50 ca
101 0 _arus
102 _aRU
105 _aach z 000cy
181 0 _ai
_bxxxe
182 0 _an
200 1 _aРичард Третий и Генрих Восьмой глазами Шекспира
_e[исторический очерк]
_fАлександра Маринина
203 _aТекст
_bвизуальный
_cнепосредственный
210 _aМосква
_cЭксмо
_d2024
215 _a444, [1] с.
_cил., портр., факс.
_d17
300 _aЗагл. корешка: Ричард Третий и Генрих Восьмой
320 _aДругие кн. авт.: с. 2
333 _a16+
488 0 _12001#$aРичард Третий$aГенрих Восьмой$eтрагедии$fШекспир
_1700#1$aШекспир$bУ.$f1564-1616$gУильям$3RU\NLR\AUTH\771995
516 1 _aРичард Третий и Генрих Восьмой
600 0 _aРичард
_dIII
_cкороль английский
_f1452 - 1485
_xв художественной литературе
_2nlr_sh2
_3RU\NLR\AUTH\6601541384
600 0 _aГенрих
_dVIII
_cкороль английский
_f1491 - 1547
_xв художественной литературе
_2nlr_sh2
_3RU\NLR\AUTH\661545055
600 1 _aШекспир
_bУ.
_gУильям
_f1564 - 1616
_xв художественной литературе
_2nlr_sh2
_3RU\NLR\AUTH\661338465
686 1 _aШ5(4Вл)43-4Шекспир764
686 2 _aШ6(2=Р)8-442
700 1 _aМаринина
_bА. Б.
_f1957-
_gАлександра Борисовна
_3RU\NLR\AUTH\77515
942 _cBOOK
980 _aNB